Najsilniejsze gospodarki świata (państwa) - Statystyki

Ogólne statystyki
  • Ten quiz został rozwiązany 1 969 razy
    1 747 od ostatniego zresetowania
  • Średni wynik to 20 z 25
Statystyki odpowiedzi
poz PKB (w milionach USD) Państwo % Poprawnych
1 19 390 600 Stany Zjednoczone
99%
2 12 014 610 Chiny
98%
4 3 684 816 Niemcy
96%
12 1 527 469 Rosja
96%
7 2 583 560 Francja
94%
22 614 190 Polska
94%
3 4 872 135 Japonia
92%
10 1 652 412 Kanada
90%
8 2 054 969 Brazylia
89%
14 1 313 951 Hiszpania
89%
5 2 624 529 Wielka Brytania
88%
6 2 611 012 Indie
87%
9 1 937 894 Włochy
86%
15 1 149 236 Meksyk
85%
21 637 717 Argentyna
78%
24 538 575 Szwecja
78%
13 1 379 548 Australia
77%
11 1 538 030 Korea Południowa
75%
17 849 480 Turcja
72%
19 683 827 Arabia Saudyjska
67%
18 825 745 Holandia
67%
16 1 015 411 Indonezja
67%
25 494 733 Belgia
62%
20 678 575 Szwajcaria
62%
23 579 302 Tajwan
33%
Nie znaleziono quizów pasujących do podanych kryteriów
Rozkład punktacji
Procent ludzi z każdym wynikiem
Percentyl według liczby udzielonych odpowiedzi
Twoja historia wyników
Nie rozwiązałeś tego quizu od ostatniego zresetowania